Statistiques concernant 50 personnages les plus cités dans Le Monde de Narnia

Cliquez ici pour prendre le quiz!

Statistiques générales

  • Ce quiz a été pris 710 fois
    (699 depuis la dernière actualisation)
  • Le résultat moyen est 10 sur 50

Statistiques - réponses

MentionsPersonnages% Correct
675Aslan
96%
710Lucy Pevensie
96%
412Peter Pevensie
95%
546Edmund Pevensie
90%
255Susan Pevensie
86%
499Caspian X
80%
72Sorcière Blanche/Reine Jadis
75%
61Tumnus
55%
468Eustache Scrubb
48%
133Ripitchip
37%
78Miraz
26%
317Digory Kirke
18%
397Shasta/Cor
15%
194Polly Plummer
14%
137Trompillon
14%
54Nikabrik
13%
427Jill Pole
12%
18Cornélius
9%
156Andrew Ketterley
8%
205Aravis Tarkheena
8%
184Bree
8%
48Chasseur-de-Truffes
8%
20Glozelle
7%
213Tirian
7%
77Hwin
6%
70Rabadash
6%
39Rilian
6%
23Ramandu
5%
35Corin
4%
64Fraise/Fledge
4%
103Drinian
3%
176Puddlegum
3%
37Roi Lune
3%
82Tisroc
3%
17Ahoshta
2%
53Lasaraleen Tarkheena
2%
88Tash
2%
28Bern
1%
17Ermite de la Marche du Sud
1%
71Joyau
1%
16Pug
1%
71Puzzle
1%
17Rhince
1%
16Rhoop
1%
25Rishda Tarkaan
1%
43Shift
1%
20Glimfeather
0%
17Golg
0%
15Gumpas
0%
23Poggin
0%

Distribution des résultats

Percentile par nombre de réponses

% des personnes avec chaque résultat

Votre développement - résultats

Vous n’avez pas pris ce quiz depuis la dernière actualisation